000 00235nam a22000857a 4500
008 160708b xxu||||| |||| 00| 0 eng d
100 _92460
_a Verma, S.K
245 _aIntroductions to English Language Teaching
260 _aMad
_b Oxford
_c1980
999 _c2131
_d2131